00885cam a22002172 450000100060000000300080000600500170001400800410003103500510007204000320012304100080015508200230016324502520018626000400043830000310047850400370050965000410054670000370058770000200062470000230064430175BD-RjUL20211209051526.0140409s1960 ilua b 001 0 eng d aOCLC ocm00189996 from D970927Ma(BD-RjUL)30260 aDLCcWSUdSERdBD-RjULbeng aeng a150.151bDEV 196010aDevelopments in mathematical psychology : information, learning, and tracking ;bA study of the Behavioral Models Project, Bureau of Applied Social Research, Columbia University /cEdited by R. Duncan Luce, Robert R. Bush [and] J.C.R. Licklider. aGlencoe, Ill. :bFree Press,c1960. a294 p. :billus. ;c26 cm. aIncludes bibliography and index. 0aHuman behaviorxMathematical models. aLuce, R. Duncanq(Robert Duncan) a Robert R. Bush a J.C.R. Licklider.